000 00437nam a22001577u 4500
008 130405s1983 xxu||||| |||| 00| 0 spa d
041 _aspa
100 1 _aGogol, Nicolas
_944167
245 0 0 _aAlmas muertas
_cNicolas Gogol
260 _aBarcelona:
_bOrbis-Origen,
_c1983
300 _a394 p.
_c;18 cm.
490 0 _aHistoria Universal de la Literatura
_v97
650 0 4 _aLenguas Eslavas y Bálticas
_914278
942 _cBK
001 29941
999 _c285336
_d285336